000 00374pam a2200145a 44500
008 230405s xxu||||| |||| 00| 0 eng d
041 _aENG
100 _aWHO
245 _aWHO EXPERT COMMITTEE ON DRUG DEPENDENCE TRS 887
250 _a35 1999
260 _aGENEVA
_bWORLD HEALTH ORGANIZATION PUBLICATION GENEVA
_c
300 _a22
650 _aPHARMACEUTICS
906 _a957
999 _c276228
_d276228